Phương pháp luận nghiên cứu khoa học Dùng cho sinh viên, học viên cao học, nghiên cứu khoa học và cán bộ giảng dạy các trường đại học, cao đẳng
Na minha lista:
| Autor principal: | |
|---|---|
| Formato: | Livro |
| Publicado em: |
H.
Đại học Sư phạm
2003
|
| Assuntos: | |
| Tags: |
Adicionar Tag
Sem tags, seja o primeiro a adicionar uma tag!
|
| Thư viện lưu trữ: | Trung tâm Học liệu Lê Vũ Hùng, Trường Đại học Đồng Tháp |
|---|
| LEADER | 01559pam a22002538a 4500 | ||
|---|---|---|---|
| 001 | 00022379 | ||
| 005 | 20171026081025.0 | ||
| 008 | 110530s2003 ||||||Viesd | ||
| 020 | |c 32000 | ||
| 041 | 0 | # | |a Vie |
| 082 | 1 | 4 | |a 370.7 |b PH561PH |
| 100 | 0 | # | |a Lưu Xuân Mới |
| 245 | 0 | 0 | |a Phương pháp luận nghiên cứu khoa học |b Dùng cho sinh viên, học viên cao học, nghiên cứu khoa học và cán bộ giảng dạy các trường đại học, cao đẳng |c Lưu Xuân Mới |
| 260 | # | # | |a H. |b Đại học Sư phạm |c 2003 |
| 300 | # | # | |a 266 tr. |c 21 cm. |
| 650 | # | 4 | |a Khoa học |
| 650 | # | 4 | |a Phương pháp |
| 650 | # | 4 | |a Nghiên cứu |
| 852 | # | # | |b Kho giáo trình |j KGT.0018801, KGT.0018802, KGT.0018803, KGT.0018804, KGT.0018805, KGT.0018806, KGT.0018807, KGT.0018808, KGT.0018809, KGT.0018810, KGT.0018811, KGT.0018812, KGT.0018813, KGT.0018814, KGT.0018815, KGT.0018816, KGT.0018817, KGT.0018818, KGT.0018819, KGT.0032846, KGT.0032980, KGT.0033010, KGT.0048695 |
| 852 | # | # | |b Kho mượn |j KGT.0018801 |
| 852 | # | # | |j KGT.0018801 |j KGT.0018802 |j KGT.0018804 |j KGT.0018805 |j KGT.0018807 |j KGT.0018809 |j KGT.0018810 |j KGT.0018813 |j KGT.0018814 |j KGT.0018816 |j KGT.0018817 |j KGT.0018819 |j KGT.0032846 |j KGT.0033010 |j KGT.0032980 |j KD.0009196 |j KGT.0048695 |j KGT.0018803 |j KGT.0018806 |j KGT.0018808 |j KGT.0018811 |j KGT.0018815 |j KGT.0018818 |j KGT.0055303 |j KGT.0059252 |
| 852 | # | # | |b Kho đọc |j KD.0009196 |
| 910 | 0 | # | |a kìm |d 30/05/2011 |
| 980 | # | # | |a Trung tâm Học liệu Lê Vũ Hùng, Trường Đại học Đồng Tháp |